Holiday Quiz

Random Holiday or Easter Quiz

Holiday Dates Quiz Stats

 Plays Quiz Updated Nov 11, 2016

Challenge
Share
Tweet
Embed
Score 0/16 Timer 03:00
3 Plays Today
Question Answer Wrong Answers
April Fools' Day April 1
92.1%
April 31
0.4%
February 29
0.2%
April 0
0.3%
US Independence Day July 4
91.4%
June 2
0.5%
August 6
0.6%
May 8
0.5%
Christmas Day December 25
91.4%
December 24
0.7%
December 26
0.6%
December 27
0.2%
Valentine's Day February 14
90.8%
February 12
0.8%
February 16
0.8%
February 18
0.6%
Halloween October 31
90%
October 30
2.4%
October 28
0.4%
October 29
0.4%
Veterans Day/Remembrance Day November 11
84.2%
October 11
3.5%
May 11
3.2%
March 11
1.8%
Boxing Day December 26
78.6%
December 25
2.9%
December 30
5.7%
December 28
5.7%
Pi Day March 14
77.5%
March 3
8%
July 23
2.6%
March 16
4.7%
Star Wars Day May 4
77.4%
March 4
5.7%
March 14
3.7%
May 14
6.1%
St. Patrick's Day March 17
77.2%
March 15
6.4%
March 16
5.3%
March 18
3.9%
Bastille Day July 14
63.5%
July 24
11.8%
August 4
8.5%
August 16
8.6%
Earth Day April 22
62.4%
May 22
11.4%
March 22
10.4%
June 22
8.4%
Guy Fawkes Night November 5
57.4%
November 4
16.3%
October 4
8.1%
October 5
10.5%
Canada Day July 1
46.7%
August 1
14.6%
May 1
13.3%
June 1
17.8%
Festivus December 23
39.2%
December 22
10.9%
December 21
17.6%
December 24
24.4%
Australia Day January 26
34.3%
June 15
20.2%
April 22
12.8%
September 6
24.6%

You're not logged in!

Compare scores with friends on all Sporcle quizzes.
OR
Log In

You Might Also Like...

Show Comments

Extras

Top Quizzes Today


Score Distribution

Your Account Isn't Verified!

In order to create a playlist on Sporcle, you need to verify the email address you used during registration. Go to your Sporcle Settings to finish the process.

Report this User

Report this user for behavior that violates our Community Guidelines.

Details: